Marketingový výzkum teorie a praxe
Saved in:
| Main Author: | |
|---|---|
| Corporate Author: | |
| Format: | Book |
| Language: | Czech |
| Published: |
Praha
Vysoká škola ekonomická. Nakladatelství Oeconomica
2005
|
| Edition: | 1. dotisk 1. vyd. |
| Subjects: | |
| Tags: |
No Tags, Be the first to tag this record!
|
MARC
| LEADER | 00000nam$a2200000$$$4500 | ||
|---|---|---|---|
| 001 | 0054040 | ||
| 005 | 20240223111840.2 | ||
| 020 | |a 80-245-0761-7 | ||
| 041 | 0 | |a cze | |
| 044 | |a CZ | ||
| 245 | 1 | 0 | |a Marketingový výzkum |b teorie a praxe |c Václav Malý |
| 250 | |a 1. dotisk 1. vyd. | ||
| 264 | 1 | |a Praha |b Vysoká škola ekonomická. Nakladatelství Oeconomica |c 2005 | |
| 300 | |a 181 s. | ||
| 610 | 2 | 0 | |a marketing |
| 610 | 2 | 0 | |a výskum |
| 610 | 2 | 0 | |a riadenie |
| 610 | 2 | 0 | |a teória a prax |
| 610 | 2 | 0 | |a typológia |
| 610 | 2 | 0 | |a informácie |
| 610 | 2 | 0 | |a metódy výskumu |
| 610 | 2 | 0 | |a kódexy etické |
| 610 | 2 | 0 | |a výskum trhu |
| 610 | 2 | 0 | |a prognózy |
| 610 | 2 | 0 | |a vývoj |
| 610 | 2 | 0 | |a výrobky |
| 610 | 2 | 0 | |a propagácia |
| 100 | 1 | |a Malý, Václav | |
| 710 | 2 | |a Vysoká škola ekonomická v Praze. Podnikohospodářská fakulta | |